Guess the Fusion Rock Song Lyrics #128 - Statistics

General Stats
  • This quiz has been taken 24 times
  • The average score is 147 of 206
Answer Stats
Answer % Correct
a
100%
I
100%
have
94%
me
94%
the
94%
Who
94%
you
94%
You
94%
your
94%
And
88%
be
88%
can
88%
for
88%
I'm
88%
know
88%
of
88%
So
88%
When
88%
You're
88%
do
81%
don't
81%
in
81%
is
81%
no
81%
to
81%
I'll
75%
oh
75%
wanna
75%
work
75%
are
69%
dirty
69%
its
69%
man
69%
more
69%
time
69%
yeah
69%
just
63%
Like
63%
Cause
56%
fee
56%
get
56%
need
56%
out
56%
pay
56%
That's
56%
fool
50%
here
50%
job
50%
around
44%
find
44%
free
44%
lovin
44%
Steely Dan
44%
before
38%
home
38%
same
38%
somebody
38%
stay
38%
Times
38%
times
38%
town
38%
bit
31%
castle
31%
game
31%
hard
31%
thousand
31%
yourself
31%
afraid
25%
door
25%
early
25%
Light
25%
maid
25%
medieval
25%
runnin
25%
sent
25%
trouble
25%
candle
19%
corner
19%
foresee
19%
lock
19%
put
19%
terrible
19%
upon
19%
No matching quizzes found
Score Distribution
Percent of People with Each Score
Percentile by Number Answered
Your Score History
You have not taken this quiz